| 000 | 00679nam a22002537a 4500 | ||
|---|---|---|---|
| 999 |
_c7006 _d7006 |
||
| 001 | 7006 | ||
| 003 | BD-JhCC | ||
| 005 | 20180418172325.0 | ||
| 008 | 180203b xxu||||| |||| 00| 0 eng d | ||
| 020 | _a0395358043 | ||
| 035 | _a(BD-JhCC)7006 | ||
| 040 |
_aBD-JhCC _dBD-JhCC |
||
| 041 | _aeng | ||
| 082 |
_a370 _bORN 1984 |
||
| 100 | _aOrnstein, Allan C, | ||
| 245 |
_aAn Introduction to the Foundations of Education / _cAllan C, Ornstein, Daniel U Levine |
||
| 250 | _a3rd ed. | ||
| 260 |
_aBoston : _bHoughton Mifflin Company, _c1984. |
||
| 300 |
_a557 p. : _bills; _c25 cm. |
||
| 650 | _aEducation | ||
| 700 | _aLevine, Daniel U | ||
| 942 |
_2ddc _cBK |
||